000 002520000a22000970004500
100 1 _aSánchez Navarro, Luis
245 1 0 _aLa ley del corazón (Mt 7,12)
300 _avol. 60, núm 2 (2002), Páginas 255-264
773 0 _tEstudios Bíblicos
942 _cANA
999 _c50346
_d50346